00298nam a22000977a 4500008004100000040005500041245003900096260004100135300001100176500001300187230718b |||||||| |||| 00| 0 eng d aNational Science LibrarycNational Science Library aTransaction of the faraday society aLondon: bGurney and Jackson, c1949 a1196p. aVol. XLV